LEADER 01708nam0-22004571i-450- 001 990005525030203316 005 20101008120000.0 035 $a000552503 035 $aUSA01000552503 035 $a(ALEPH)000552503USA01 035 $a000552503 100 $a20050628d1970-------|0itac50------ba 101 $aita 102 $aIT 105 $a|||| ||||| 200 1 $a<> strategia sovietica per lo sviluppo economico, 1924-1930$ela discussione degli anni Venti nell'URSS$fa cura e con un saggio introduttivo di Nicolas Spulber$gedizione italiana a cura di Lisa Foa 210 $aTorino$cG. Einaudi$d[1970] 215 $aX, 607 p.$d22 cm 225 2$aNuova biblioteca scientifica Einaudi$v26 300 $aScritti di vari 300 $aIn appendice: Guida alle fonti sovietiche relative ai dibattiti sulla crescita economica 300 $atit.or.:Foundations of Soviet strategy for economic growth . 410 1$12001$aNuova biblioteca scientifica Einaudi$v26 454 1$1001USA19342$12001$aFoundations of Soviet strategy for economic growth$957327 606 $aUnione Sovietica$xEconomia$x1924-1953$2FI 620 $dTorino 676 $a330.947$cUnione delle Repubbliche Socialiste$v21 702 1$aFOA,$bLisa 702 1$aSPULBER,$bNicolas 712 $aEinaudi 801 $aIT$bSOL$c20120104 912 $a990005525030203316 950 $aDIP.TO SCIENZE ECONOMICHE - (SA)$dDS 300 330.947 FOA$e673 DISES 951 $a300 330.947 FOA$b673 DISES 959 $aBK 969 $aDISES 979 $c20121027$lUSA01$h1532 979 $c20121027$lUSA01$h1613 996 $aFoundations of Soviet strategy for economic growth$957327 997 $aUNISA NUM $aUSA14138 LEADER 02438nam0-2200325 --450 001 9910409059803321 005 20200716114126.0 010 $a978-88-481-3685-3 100 $a20200716d2018----kmuy0itay5050 ba 101 $aita 102 $aIT 105 $a 001yy 200 1 $aManuale delle preparazioni cosmetiche e dermatologiche$eoltre 500 formulazioni di cosmetici, fitocosmetici, cosmeceutici e medicinali a uso topico$fFranco Bettiol, Massimiliano Cecchi 205 $a2. ed 210 $aMilano$cTecniche nuove$d2018 215 $aVIII, 365 p.$d24 cm 225 1 $aTecnica farmaceutica & cosmetica 330 $aIl libro nasce con lo scopo di accompagnare il farmacista e gli altri professionisti lungo tutto il percorso che va dalla formulazione e preparazione fino alla commercializzazione di prodotti cosmetici funzionali e di preparati dermatologici. La prima parte normativa illustra gli obblighi per l?allestimento e la vendita delle preparazioni dermatologiche e cosmetiche, la seconda parte sistematica è dedicata alla tecnologia delle preparazioni per uso topico ed è costituita da alcuni capitoli su argomenti generali (conservanti, coloranti, filtri solari ecc. ) e altri specifici per le diverse forme di presentazione (creme, geli, lozioni, detergenti ecc. ). In questa edizione la parte normativa è arricchita con esempi di compilazione della Documentazione informativa sul prodotto cosmetico (P. I. F. ) e della Notifica di un prodotto cosmetico (C. R N. R), inserendo a completamento il regime sanzionatorio introdotto dal 2015 in merito alla produzione e commercializzazione dei prodotti cosmetici. È inoltre aggiunta l'Appendice con le Procedure Operative richieste dalle Norme di Buona Fabbricazione (N. B. F. ) dei prodotti cosmetici. Nella parte sistematica troviamo un nuovo paragrafo dedicato ai liposomi e negli altri capitoli l'aggiunta di numerose formule esemplificative, al solito suddivise nelle diverse forme di presentazione. 610 0 $aCosmetici$aPreparazione 676 $a668.55$v23 700 1$aBettiol,$bFranco$0445348 701 1$aCecchi,$bMassimiliano$0619665 801 0$aIT$bUNINA$gREICAT$2UNIMARC 901 $aBK 912 $a9910409059803321 952 $a80 127/XXIII 174$bBFA127/2020$fFFABC 952 $a80 128/XXIII 175$bBFA128/2020$fFFABC 959 $aFFABC 996 $aManuale delle preparazioni cosmetiche e dermatologiche$91078107 997 $aUNINA